| 000 | 00312nam a22001217a 4500 | ||
|---|---|---|---|
| 082 |
_a954.912 _bOPE |
||
| 100 |
_aGovt of India _942378 |
||
| 245 |
_aOperations in Waziristan1919-1920 _cGovt of India |
||
| 300 | _avi,193p.: | ||
| 526 |
_a0 _b0 _c0 _d954_912000000000000_OPE |
||
| 650 |
_aMCE _9379 |
||
| 942 |
_2ddc _cBK |
||
| 999 |
_c553064 _d553064 |
||